Zwierzęta Na Flagach - Statystyki

Ogólne statystyki
  • Ten quiz został rozwiązany 18 razy
  • Średni wynik to 15 z 22
Statystyki odpowiedzi
Obrazkowy Odpowiedź % Poprawnych
Albania
100%
Serbia
100%
Egipt
94%
Meksyk
89%
Sri Lanka
89%
Bhutan
83%
Czarnogóra
83%
Mołdawia
83%
Papua-Nowa Gwinea
78%
Uganda
78%
Dominika
72%
Ekwador
72%
Fidżi
61%
Zambia
61%
Andora
56%
Hiszpania
56%
Chorwacja
50%
Kiribati
50%
Peru
50%
Gwatemala
39%
Boliwia
33%
Zimbabwe
28%
Nie znaleziono quizów pasujących do podanych kryteriów
Rozkład punktacji
Procent ludzi z każdym wynikiem
Percentyl według liczby udzielonych odpowiedzi
Twoja historia wyników
Nie rozwiązałeś tego quizu